[Event "Torun op"]
[Site "Torun"]
[Date "2002.??.??"]
[Round "1"]
[White "Gan, N."]
[Black "Mierska, Agnieszka"]
[Result "1-0"]
[WhiteElo "1400"]
[BlackElo "1600"]
[PlyCount "77"]
[EventDate "2002.??.??"]
[EventType "swiss"]
[EventRounds "9"]
[EventCountry "POL"]
[SourceTitle "EXT 2007"]
[Source "ChessBase"]
[SourceDate "2006.11.23"]
[SourceVersion "1"]
[SourceVersionDate "2006.11.23"]
[SourceQuality "1"]

1. e4 e5 2. Nf3 Nc6 3. Bb5 Bc5 4. 0-0 d6 5. c3 Nf6 6. d4 exd4 7. cxd4 Bb4 8. d5 a6 9. Bxc6+ bxc6 10. dxc6 0-0 11. Bg5 a5 12. Qc2 Bg4 13. Qe2 Re8 14. a3 Bc5 15. Rd1 h6 16. Bh4 g5 17. Bg3 Rxe4 18. Qd3 Bxf3 19. Qxf3 Rd4 20. Nc3 Qe7 21. Re1 Qd8 22. Nb5 g4 23. Qf5 Rd5 24. Qf4 Kg7 25. Bh4 Rh5 26. Nxc7 Rxh4 27. Nxa8 Qxa8 28. b4 Bb6 29. Qxd6 Qa7 30. Ra2 Bc7 31. Qe7 Bxh2+ 32. Kf1 Qxe7 33. Rxe7 Bd6 34. Ra7 axb4 35. axb4 Bxb4 36. c7 Rh1+ 37. Ke2 Re1+ 38. Kd3 Rc1 39. Rc2 1-0

[Event "Torun op"]
[Site "Torun"]
[Date "2002.??.??"]
[Round "6"]
[White "Gan, N."]
[Black "Siergiej, Izabela"]
[Result "1-0"]
[WhiteElo "1400"]
[BlackElo "1600"]
[PlyCount "61"]
[EventDate "2002.??.??"]
[EventType "swiss"]
[EventRounds "9"]
[EventCountry "POL"]
[SourceTitle "EXT 2007"]
[Source "ChessBase"]
[SourceDate "2006.11.23"]
[SourceVersion "1"]
[SourceVersionDate "2006.11.23"]
[SourceQuality "1"]

1. e4 c5 2. Nc3 d6 3. g3 Nc6 4. Bg2 e6 5. d3 Nf6 6. Nge2 Be7 7. 0-0 0-0 8. f4 a6 9. h3 Qc7 10. Be3 Rd8 11. Bf2 b5 12. b3 Bb7 13. g4 b4 14. Nb1 Rac8 15. Ng3 d5 16. e5 Nd7 17. Nd2 Nb6 18. g5 d4 19. Nde4 Nd5 20. Qd2 a5 21. Rae1 Ra8 22. Kh2 a4 23. Bg1 Bf8 24. Nh5 Nce7 25. Neg3 a3 26. f5 exf5 27. Nxf5 Ng6 28. Kh1 Nxe5 29. Bh2 g6 30. Nh6+ Bxh6 31. gxh6 1-0